| 000 | 00573nam a2200193Ia 4500 | ||
|---|---|---|---|
| 003 | GCL | ||
| 008 | 140319s9999 xx 000 0 eng d | ||
| 040 |
_aGCL / _cGCL |
||
| 082 | 0 | 4 |
_a629.895 _bH R |
| 100 | 1 | _aSACHA, KRZYSZTOF M. | |
| 245 | 1 | 0 |
_aREAL-TIME SYSTEMS: IMPLEMENTATION OF INDUSTRIAL COMPUTERISED PROCESS AUTOMATION / _cSACHA, KRZYSZTOF M. |
| 700 | 1 | _aHALANG,WOLFGANG A. | |
| 260 |
_a[S.N] : _bWORLD SCIENTIFIC ، _c1992 |
||
| 300 | _a352 PP | ||
| 650 | 0 | 4 | _aPROCESS CONTROL |
| 650 | 0 | 4 | _aAUTOMATION |
| 650 | 0 | 4 | _aREAL TIME DATA PROCESSING |
| 942 |
_2ddc _cBK |
||
| 999 |
_c24005 _d24005 |
||